Memoria : curso ... / Escuela de Artes y Oficios y Bellas Artes de Barcelona curso ... / Escuela de Artes y Oficios y Bellas Artes de Barcelona
Descripción Física:
27 cm
MARC
| LEADER | 00000nam a2200000Ia 4500 | ||
|---|---|---|---|
| 001 | 18632, 18633, 18634, 18635, 14764, 19505 | ||
| 003 | BGR | ||
| 005 | 20260410113654.0 | ||
| 008 | 160829s1912 xx 000 0 cat d | ||
| 080 | |a 3275, exp. 2; 3275, exp. 2; 3275, exp. 2; 3275, exp. 2; RF-10-28, RF-13-55 | ||
| 110 | 1 | |a Escola Superior d’Arts i Oficis Artístics i Belles Arts |9 70804 | |
| 245 | |a Memoria : |b curso ... / Escuela de Artes y Oficios y Bellas Artes de Barcelona | ||
| 260 | |a Barcelona : |b Impr. de C. Oliveró, |c 1912 | ||
| 300 | |a 27 cm | ||
| 590 | |a Del curs 1915 a 1916 hi ha un altre exemplar a 3275, exp. 2. | ||
| 590 | |a Curs 1923-1924 prové de 2892, exp. 2. | ||
| 590 | |a Curs 1915 a 1916, restaurat: maig 2009 | ||
| 650 | |a Escola Superior d’Arts i Oficis Artístics i Belles Arts |x Memòries |9 48432 | ||
| 650 | |a Escoles de Belles Arts |x Barcelona |9 47872 | ||
| 856 | 4 | |u https://media.diba.cat/diba/fitxers/arxiu/fulletons/bib_19505_1924_baixa.pdf |y Memòria curs 1923-1924 | |
| 856 | 4 | |u https://media.diba.cat/diba/fitxers/arxiu/fulletons/bib_14764_1915_baixa.pdf |y Memòria curs 1915-1916 | |
| 856 | 4 | |u https://media.diba.cat/diba/fitxers/arxiu/fulletons/bib_19505_1924_baixa.pdf |y Memòria curs 1923-1924 | |
| 856 | 4 | |u https://media.diba.cat/diba/fitxers/arxiu/fulletons/bib_14764_1915_baixa.pdf |y Memòria curs 1915-1916 | |
| 866 | |a Curso 1911 a 1912, curso 1912 a 1913, curso 1913 a 1914, curso 1914 a 1915, curso 1915 a 1916, curso 1923 a 1924 | ||
| 900 | |a bib_14764_1915_baixa.pdf | ||
| 900 | |a bib_19505_1924_baixa.pdf | ||
| 901 | |a Arxiu | ||
| 942 | |n 1 |2 udc |c MON | ||
| 952 | |0 0 |1 0 |4 0 |6 3275_EXP_2_3275_EXP_2_3275_EXP_2_3275_EXP_2_RF1028_RF1355 |7 1 |9 54542 |a Arxiu |b Arxiu |d 2016-12-01 |l 0 |o 3275, exp. 2; 3275, exp. 2; 3275, exp. 2; 3275, exp. 2; RF-10-28, RF-13-55 |p 18632, 18633, 18634, |r 2016-12-01 00:00:00 |w 2016-12-01 |y ARXIU | ||
| 999 | |c 58411 |d 58411 | ||